000 00459nam a2200193Ia 4500
005 20240823044104.0
008 240823s9999||||xx |||||||||||||| ||und||
020 _a0-07-451859-3
041 _aENGLISH
082 _A005.133 N6
100 _aRam Kumar
245 0 _aProgramming with Fortran 77
250 _a1st
260 _c1996
_bTMH New D
500 _aTRANSFERED
650 _aProgramming
_bComputer Applications
942 _cBK
999 _c211746
_d211746